A-Z Die größten Städte Japans - Statistiken

Allgemein
  • Dieses Quiz wurde 109 mal gespielt
  • Das Durchschnittsergebnis liegt bei 7 aus 21
Antwortstatistiken
Buchstabe Stadt Einwohner % Korrekt
O Osaka 2.740.202
94%
T Tokyo 9.644.079
87%
K Kyoto 1.466.264
82%
Y Yokohama 3.748.781
80%
H Hiroshima 1.199.391
72%
S Sapporo 1.958.756
70%
N Nagoya 2.325.918
65%
F Fukuoka 1.592.657
60%
C Chiba 980.203
28%
W Wakayama 355.825
14%
G Gifu 401.534
13%
U Utsunomiya 519.255
7%
M Matsudo 492.671
2%
J Jōetsu 189.881
1%
A Adachi 683.110
0%
B Bunkyō 235.026
0%
D Dazaifu 72.313
0%
E Edogawa 696.014
0%
I Itabashi 583.467
0%
R Ryūgasaki 76.741
0%
Z Zama 130.608
0%
Keine übereinstimmenden Quizze gefunden
Verteilung der Resultate
Anzahl Personen mit jedem Resultat
Perzentil nach korrekt beantworteten Fragen
Ihre Resultats-Entwicklung
Sie haben dieses Quiz noch nicht gespielt